000 01437cam a2200349 a 4500
001 EDZ0000063631
003 StDuBDS
005 20161031105112.0
006 m||||||||d||||||||
007 cr |||||||||||
008 120315s2001 cau fo| 001|0|eng|d
020 _a9781452231792 (ebook) :
_cNo price
040 _aStDuBDS
_beng
_cStDuBDS
_epn
049 _aAlfaisal Main Library
050 0 _aBF637.C6
_bC633 2001
082 0 4 _a361.06
_223
245 0 0 _aCounseling across the lifespan
_h[electronic resource] :
_bprevention and treatment /
_cedited by Cindy Juntunen and Donald R. Atkinson.
260 _aThousand Oaks, Calif. ;
_aLondon :
_bSAGE,
_c[2001]
300 _a1 online resource (xv, 495 p.)
520 8 _aThis book focuses on counselling intervention strategies from the unique perspective of an individual's life-span development and emphasises preventive techniques that can be used with normally developing persons.
521 _aSpecialized.
588 _aDescription based on print version record.
504 _aIncludes bibliographical references and index.
650 0 _aCounseling.
655 7 _aElectronic books.
_2local
700 1 _aAtkinson, Donald R.
700 1 _aJuntunen, Cindy Lee.
710 2 _aSage eBooks
776 0 8 _iPrint version :
_z9780761923954
856 4 0 _uhttp://ezproxy.alfaisal.edu/login?url=http://sk.sagepub.com/books/counseling-across-the-lifespan
942 _2lcc
_cEBOOKS
999 _c479330
_d479330